Statistics for Neighbourhoods of Toronto

Click here to take the quiz!

General Stats

  • This quiz has been taken 105 times
  • The average score is 11 of 140

Answer Stats

Answer % Correct
Palmerston-Little Italy
53%
Kensington (Market)-Chinatown
52%
South Parkdale
39%
Rosedale-Moore Park
39%
Danforth-East York
32%
Danforth
32%
Little Portugal
31%
Rexdale-Kipling
26%
The Beaches
26%
University
26%
Cabbagetown-South St. James Town
24%
Annex
23%
Malvern
21%
Junction Area
21%
Bridle Path-Sunnybrook-York Mills
21%
Roncesvalles
21%
Banbury-Don Mills
19%
Runnymede-Bloor West Village
19%
Agincourt South-Malvern West
19%
Englemount-Lawrence
19%
Agincourt North
19%
Regent Park
16%
Islington-City Centre West
16%
Weston
15%
Woodbine Corridor
15%
Yorkdale-Glen Park
15%
Downsview-Roding-CFB
13%
Bathurst Manor
13%
Mimico (Humber Bay Shores)
13%
Trinity-Bellwoods
11%
Waterfront Communities-The Island
11%
Casa Loma
11%
Greenwood-Coxwell
11%
Corso Italia-Davenport
11%
Rouge
10%
Steeles
10%
Birchcliffe-Cliffside
10%
Keelesdale-Eglinton West
8%
Willowridge-Martingrove-Richview
8%
Clairlea-Birchmount
8%
New Toronto/Lakeshore Village
8%
Bay Street Corridor
8%
Mount Dennis
8%
Bayview Village
6%
Wexford-Maryvale
6%
Humewood-Cedarvale
6%
St. Andrew-Windfields
6%
Eglinton East
6%
Yonge-Eglinton
6%
High Park-Swansea
6%
Stonegate-Queensway
5%
Morningside
5%
Hillcrest Village
5%
High Park North
5%
Thorncliffe Park
5%
Guildwood
5%
Forest Hill South
5%
Forest Hill North
5%
Long Branch
5%
Moss Park
5%
Maple Leaf
5%
Clanton Park
5%
North St. James Town
3%
Mount Pleasant East
3%
North Riverdale
3%
Leaside Bennington
3%
O'Connor-Parkview
3%
Oakridge
3%
Black Creek
3%
South Riverdale
3%
West Humber-Clairville
3%
Woburn
3%
Alderwood
3%
Wychwood
3%
Yonge-St.Clair
3%
Thistletown-Beaumond Heights
3%
Mount Pleasant West
3%
Milliken
3%
Church-Yonge Corridor
3%
Markland Wood
3%
Humber Summit
3%
Highland Creek
3%
Flemingdon Park
3%
L'Amoreaux
3%
Lambton Baby Point
3%
Edenbridge-Humber Valley
3%
Dufferin Grove
3%
Willowdale West
2%
Willowdale East
2%
Weston-Pelham Park
2%
Bendale
2%
Westminster-Branson
2%
Etobicoke West Mall
2%
Victoria Village
2%
Dovercourt-Wallace Emerson-Junction
2%
Glenfield-Jane Heights
2%
Dorset Park
2%
Tam O'Shanter-Sullivan
2%
Don Valley Village
2%
York University Heights
2%
Bedford Park-Nortown
2%
Scarborough Village
2%
Old East York
2%
Lawrence Park North
2%
Lansing-Westgate
2%
Playter Estates-Danforth
2%
Newtonbrook West
2%
Oakwood Village
2%
Newtonbrook East
2%
Lawrence Park South
2%
Broadview North
2%
Caledonia-Fairbank
2%
East End-Danforth
0%
Woodbine-Lumsden
0%
Brookhaven-Amesbury
0%
Mount Olive-Silverstone-Jamestown
0%
Elms-Old Rexdale
0%
Niagra
0%
Briar Hill-Belgravia
0%
Kingsway South
0%
Eringate-Centennial-West Deane
0%
West Hill
0%
Rockcliffe-Smythe
0%
Blake-Jones
0%
Centennial Scarborough
0%
Beechborough-Greenbrook
0%
Kennedy Park
0%
Kingsview Village-The Westway
0%
Rustic
0%
Princess-Rosethorn
0%
Bayview Woods-Steeles
0%
Ionview
0%
Parkwoods Donalda
0%
Humbermede
0%
Pleasant View
0%
Taylor-Massey/Crescent Town
0%
Humber Heights-Westmount
0%
Pelmo Park-Humberlea
0%
Henry Farm
0%
Cliffcrest
0%

Score Distribution

Percentile by Number Answered

Percent of People with Each Score

Your Score History

You have not taken this quiz